[Event "WYCC 2018 G16"]
[Site "Halkidiki"]
[Date "2018.10.30"]
[Round "11"]
[White "Hajiyeva, Laman"]
[Black "Palma, Maria"]
[Result "1/2-1/2"]
[WhiteElo "1916"]
[BlackElo "2106"]
[Annotator "NA"]
[PlyCount "96"]
[EventDate "2018.10.20"]
[EventType "swiss"]
[EventCountry "GRE"]
[SourceTitle "playchess.com"]
[Source "ChessBase"]
[SourceQuality "1"]
[TimeControl "40/5400+30:1800+30"]

1. d4 {[%emt 0:00:00]} Nf6 {[%emt 0:00:00]} 2. c4 {[%emt 0:00:00]} e6 {[%emt 0:00:00]} 3. Nc3 {[%emt 0:00:00]} d5 {[%emt 0:00:00]} 4. cxd5 {[%emt 0:00:00]} exd5 {[%emt 0:00:00]} 5. Bg5 {[%emt 0:00:00]} c6 {[%emt 0:00:01]} 6. e3 {[%emt 0:00:00]} h6 {[%emt 0:01:22]} 7. Bh4 {[%emt 0:00:44]} Be6 {[%emt 0:00:12] D35: Queen's Gambit Declined: Exchange Variation} 8. Bd3 {[%emt 0:00:21]} Nbd7 {[%emt 0:00:30]} 9. Nge2 {[%emt 0:00:14]} g5 {[%emt 0:01:31]} 10. Bg3 {[%emt 0:00:22]} Nh5 {[%emt 0:00:49]} 11. Qc2 {[%emt 0:04:57]} Nxg3 {[%emt 0:00:57]} 12. Nxg3 {[%emt 0:00:57]} h5 {[%emt 0:00:25]} 13. e4 {[%emt 0:10:02]} dxe4 {[%emt 0:03:12]} 14. Ngxe4 {[%emt 0:02:13] [#]} Be7 $146 {[%emt 0:03:44]} ({Predecessor:} 14... Nb6) 15. O-O-O {[%emt 0:06:53]} Qc7 {[%emt 0:00:54]} 16. Kb1 {[%emt 0:04:10]} O-O-O {[%emt 0:01:03]} 17. Rhe1 {[%emt 0:06:19]} Kb8 {[%emt 0:08:58]} 18. Ng3 {[%emt 0:06:12]} h4 {[%emt 0:06:58]} 19. Nf5 {[%emt 0:04:02]} Bf6 {[%emt 0:01:43]} 20. Ne2 {[%emt 0:05:58]} Qa5 {[%emt 0:05:44]} 21. a3 {[%emt 0:04:38]} Nb6 {[%emt 0:09:44]} 22. Rd2 {[%emt 0:05:48]} c5 {[%emt 0:06:54]} 23. Rc1 {[%emt 0:09:03]} Na4 {[%emt 0:12:20]} 24. Be4 {[%emt 0:04:24]} c4 {[%emt 0:16:30]} 25. Ne3 {[%emt 0:01:19]} Rd7 {[%emt 0:09:47]} 26. Nc3 {[%emt 0:05:01]} Bxd4 {[%emt 0:03:51]} 27. Nxa4 {[%emt 0:04:54]} Bxe3 {[%emt 0:00:38]} 28. Rxd7 {[%emt 0:00:07]} Bxd7 {[%emt 0:00:04]} 29. fxe3 {[%emt 0:00:04]} Qxa4 {[%emt 0:02:12]} 30. Qxa4 {[%emt 0:00:06]} Bxa4 {[%emt 0:00:04]} 31. Rxc4 {[%emt 0:00:04]} Bd7 {[%emt 0:01:24]} 32. Bd5 {[%emt 0:04:12]} Bf5+ {[%emt 0:01:58]} 33. e4 {[%emt 0:00:58]} Bg6 {[%emt 0:00:19]} 34. Kc1 {[%emt 0:01:38]} Rc8 {[%emt 0:01:24]} 35. Rxc8+ {[%emt 0:01:41]} Kxc8 {[%emt 0:00:04]} 36. e5 {[%emt 0:00:55]} Kd7 {[%emt 0:01:37]} 37. Kd2 {[%emt 0:00:26]} Ke7 {[%emt 0:00:09]} 38. Kc3 {[%emt 0:00:52]} b6 {[%emt 0:00:05]} 39. Kb4 {[%emt 0:00:19]} Bd3 {[%emt 0:00:19]} 40. a4 {[%emt 0:00:00]} f6 {[%emt 0:00:00]} 41. exf6+ {[%emt 0:05:12]} Kxf6 {[%emt 0:02:05]} 42. Kc3 {[%emt 0:02:16]} Ke5 {[%emt 0:02:00]} 43. Kxd3 {[%emt 0:04:14]} Kxd5 {[%emt 0:00:06]} 44. b4 {[%emt 0:05:49]} a6 {[%emt 0:04:39]} 45. h3 {[%emt 0:01:12]} b5 {[%emt 0:01:22]} 46. a5 {[%emt 0:00:08]} Ke5 {[%emt 0:00:15]} 47. Ke3 $11 {[%emt 0:00:05]} Kd5 {[%emt 0:00:10]} 48. Kd3 {[%emt 0:00:05]} Ke5 {[%emt 0:00:19]} 1/2-1/2

[Event "WYCC 2018 G16"]
[Site "Halkidiki"]
[Date "2018.10.30"]
[Round "11"]
[White "Kobald, Jacqueline"]
[Black "Sabiani, Chjara"]
[Result "1-0"]
[WhiteElo "1911"]
[BlackElo "1778"]
[Annotator "NA"]
[PlyCount "107"]
[EventDate "2018.10.20"]
[EventType "swiss"]
[EventCountry "GRE"]
[SourceTitle "playchess.com"]
[Source "ChessBase"]
[SourceQuality "1"]
[TimeControl "40/5400+30:1800+30"]

1. e4 {[%emt 0:00:00]} c5 {[%emt 0:00:00]} 2. Nf3 {[%emt 0:00:00]} Nc6 {[%emt 0:00:00]} 3. d4 {[%emt 0:00:00]} cxd4 {[%emt 0:00:00]} 4. Nxd4 {[%emt 0:00:00]} e5 {[%emt 0:00:00] LiveBook: 5839 Games} 5. Nb5 {[%emt 0:00:11]} d6 {[%emt 0:00:00]} 6. c4 {[%emt 0:00:24]} Be7 {[%emt 0:00:03]} 7. b3 {[%emt 0:00:28]} f5 {[%emt 0:02:43]} 8. Ba3 {[%emt 0:11:12]} Nd4 {[%emt 0:04:43]} 9. Nxd4 {[%emt 0:11:25]} exd4 {[%emt 0:00:20]} 10. Bb2 {[%emt 0:06:33]} Bf6 {[%emt 0:10:28]} 11. Bd3 {[%emt 0:15:31]} Nh6 {[%emt 0:13:31]} 12. O-O {[%emt 0:06:05]} O-O $16 {[%emt 0:00:31]} 13. Nd2 {[%emt 0:03:27]} f4 {[%emt 0:06:48]} 14. Nf3 {[%emt 0:03:24]} Bg4 {[%emt 0:09:33]} 15. Be2 {[%emt 0:08:47]} Qe8 {[%emt 0:07:37]} 16. h3 d3 {[%emt 0:07:14]} 17. hxg4 {[%emt 0:08:27]} Bxb2 {[%emt 0:00:35]} 18. Bxd3 {[%emt 0:01:14]} Bxa1 {[%emt 0:00:28]} 19. Qxa1 {[%emt 0:02:28]} Nxg4 {[%emt 0:00:34]} 20. e5 {[%emt 0:04:23]} Nxe5 {[%emt 0:05:41]} 21. Nxe5 {[%emt 0:00:14]} Qxe5 {[%emt 0:00:31]} 22. Qb1 {[%emt 0:00:13]} Qh5 {[%emt 0:00:36]} 23. Be4 {[%emt 0:01:57]} Rf6 {[%emt 0:02:13]} 24. Qd3 {[%emt 0:01:13]} Raf8 25. Qd5+ {[%emt 0:01:07]} Qxd5 {[%emt 0:03:37]} 26. Bxd5+ {[%emt 0:00:20]} Kh8 {[%emt 0:00:11]} 27. Bxb7 {[%emt 0:00:48]} Re6 {[%emt 0:02:02]} 28. Bf3 {[%emt 0:01:42]} Rfe8 {[%emt 0:00:13]} 29. b4 {[%emt 0:04:57]} Re1 {[%emt 0:00:46]} 30. a4 {[%emt 0:01:03]} Kg8 {[%emt 0:05:20]} 31. b5 {[%emt 0:01:26]} R8e5 {[%emt 0:03:19]} 32. a5 {[%emt 0:00:56]} Rxf1+ {[%emt 0:02:12]} 33. Kxf1 {[%emt 0:00:03]} Kf8 {[%emt 0:01:40]} 34. a6 {[%emt 0:01:05]} Re7 35. Bb7 {[%emt 0:00:55]} Re8 {[%emt 0:04:15]} 36. b6 {[%emt 0:00:25]} axb6 37. a7 {[%emt 0:00:05]} Ke7 {[%emt 0:01:32]} 38. a8=Q {[%emt 0:00:11]} Rxa8 {[%emt 0:00:02]} 39. Bxa8 {[%emt 0:00:10]} Ke6 {[%emt 0:00:10]} 40. Ke2 {[%emt 0:00:00]} Ke5 {[%emt 0:00:00]} 41. Kd3 {[%emt 0:01:22]} h5 {[%emt 0:00:55]} 42. Bf3 {[%emt 0:01:36]} h4 {[%emt 0:00:46]} 43. Kc3 {[%emt 0:10:30]} Kf5 {[%emt 0:00:50]} 44. Kd4 {[%emt 0:03:00]} g5 {[%emt 0:00:16]} 45. Be4+ {[%emt 0:00:24]} Kg4 {[%emt 0:00:16]} 46. Bc6 {[%emt 0:01:28]} h3 {[%emt 0:00:26]} 47. Bd7+ {[%emt 0:00:09]} Kh4 48. gxh3 {[%emt 0:00:23]} f3 {[%emt 0:00:31]} 49. Bg4 {[%emt 0:02:58]} b5 {[%emt 0:00:32]} 50. cxb5 {[%emt 0:00:27]} d5 {[%emt 0:00:12]} 51. Ke5 {[%emt 0:00:25]} d4 {[%emt 0:00:10]} 52. b6 {[%emt 0:00:06]} d3 {[%emt 0:00:07]} 53. b7 {[%emt 0:00:11]} d2 {[%emt 0:00:07]} 54. b8=Q {[%emt 0:00:09]} 1-0

[Event "WYCC 2018 G16"]
[Site "Halkidiki"]
[Date "2018.10.30"]
[Round "11"]
[White "Nemcova, Karin"]
[Black "Zhang, Xiao"]
[Result "1-0"]
[WhiteElo "1888"]
[BlackElo "1980"]
[Annotator "NA"]
[PlyCount "65"]
[EventDate "2018.10.20"]
[EventType "swiss"]
[EventCountry "GRE"]
[SourceTitle "playchess.com"]
[Source "ChessBase"]
[SourceQuality "1"]
[TimeControl "40/5400+30:1800+30"]

1. e4 {[%emt 0:00:00]} c6 {[%emt 0:00:00]} 2. d4 {[%emt 0:00:00]} d5 {[%emt 0:00:00]} 3. Nd2 {[%emt 0:00:00]} dxe4 {[%emt 0:00:00]} 4. Nxe4 {[%emt 0:00:00]} Bf5 {[%emt 0:00:00]} 5. Ng3 {[%emt 0:00:01]} Bg6 {[%emt 0:00:03]} 6. h4 {[%emt 0:00:09]} h6 {[%emt 0:00:04]} 7. Nf3 {[%emt 0:00:07]} Nd7 {[%emt 0:00:03]} 8. h5 {[%emt 0:00:08]} Bh7 {[%emt 0:00:03]} 9. Bd3 {[%emt 0:00:08]} Bxd3 {[%emt 0:00:05]} 10. Qxd3 {[%emt 0:00:07]} e6 {[%emt 0:00:03]} 11. Bd2 {[%emt 0:00:11]} Ngf6 {[%emt 0:00:05]} 12. O-O-O {[%emt 0:00:20]} Be7 {[%emt 0:00:03]} 13. Ne4 {[%emt 0:00:47]} Nxe4 {[%emt 0:00:06]} 14. Qxe4 {[%emt 0:00:08]} Nf6 {[%emt 0:00:02] B19: Classical Caro-Kann: 4...Bf5 main line} 15. Qd3 {[%emt 0:01:22]} (15. Qe2 Qd5 16. c4 Qe4 17. Qxe4 Nxe4 18. Be3 f5 19. Kc2 Rd8 20. Nd2 Nf6 21. Nf3 Ne4 22. Nd2 Nf6 23. Nf3 Ne4 {½-½ (23) Mista,A (2606)-Tomczak,J (2615) Poland 2017}) 15... Qd5 {[%emt 0:00:26]} 16. Kb1 {[%emt 0:00:35]} Qe4 {[%emt 0:00:34]} 17. Qb3 {[%emt 0:01:19]} O-O-O {[%emt 0:11:59]} 18. Rhe1 $146 {[%emt 0:09:38]} ({Predecessor:} 18. g3 Kb8 19. Rhe1 Qd5 20. Qxd5 cxd5 21. Ne5 Rhf8 22. g4 {½-½ (53) Karasev,V-Kuznecov,S (1808) Kemerovo 2014}) 18... Qd5 {[%emt 0:03:56]} 19. Qa4 {[%emt 0:01:44]} Kb8 {[%emt 0:02:26]} 20. Ne5 {[%emt 0:02:58]} Rhf8 {[%emt 0:09:23]} 21. c4 {[%emt 0:08:06]} Qxg2 {[%emt 0:05:18]} 22. Bf4 {[%emt 0:02:23]} Bd6 {[%emt 0:03:33] [#]} 23. Re3 $17 {[%emt 0:15:09]} (23. d5 $1 $18 {[%mdl 512]}) 23... Nxh5 {[%emt 0:03:46]} 24. d5 {[%emt 0:10:20]} Bxe5 {[%emt 0:12:59]} 25. Bxe5+ {[%emt 0:00:09]} Ka8 {[%emt 0:00:02]} 26. Bc7 {[%emt 0:01:00]} a6 {[%emt 0:07:31]} 27. Bxd8 {[%emt 0:01:13]} Rxd8 {[%emt 0:00:16]} 28. dxc6 {[%emt 0:03:32]} Qg6+ {[%emt 0:17:31]} 29. Ka1 {[%emt 0:00:42]} Rxd1+ {[%emt 0:00:34]} 30. Qxd1 {[%emt 0:00:06]} bxc6 {[%emt 0:00:05]} 31. Rb3 {[%emt 0:00:18]} Qg5 {[%emt 0:00:23]} 32. a3 {[%emt 0:00:22]} Qe7 {[%emt 0:03:31]} 33. Qxh5 {[%emt 0:00:39]} 1-0

[Event "WYCC 2018 G16"]
[Site "Halkidiki"]
[Date "2018.10.30"]
[Round "11"]
[White "Kvendseth, Thyra"]
[Black "Bogdanic, Katarina"]
[Result "0-1"]
[WhiteElo "1854"]
[BlackElo "2014"]
[Annotator "NA"]
[PlyCount "84"]
[EventDate "2018.10.20"]
[EventType "swiss"]
[EventCountry "GRE"]
[SourceTitle "playchess.com"]
[Source "ChessBase"]
[SourceQuality "1"]
[TimeControl "40/5400+30:1800+30"]

1. d4 {[%emt 0:00:00]} Nf6 {[%emt 0:00:00]} 2. c4 {[%emt 0:00:00]} e6 {[%emt 0:00:00]} 3. Nf3 {[%emt 0:00:00]} Bb4+ {[%emt 0:00:00]} 4. Nbd2 {[%emt 0:00:28]} O-O {[%emt 0:00:00]} 5. a3 {[%emt 0:00:03]} Bxd2+ {[%emt 0:00:06]} 6. Bxd2 {[%emt 0:00:10]} b6 {[%emt 0:00:24]} 7. e3 {[%emt 0:01:27]} Bb7 {[%emt 0:01:11]} 8. Bd3 {[%emt 0:01:01]} d6 {[%emt 0:03:33]} 9. Qc2 {[%emt 0:06:02]} Nbd7 {[%emt 0:04:41]} 10. b4 {[%emt 0:06:26]} c5 {[%emt 0:02:27]} 11. e4 {[%emt 0:10:00]} cxd4 {[%emt 0:01:47]} 12. Nxd4 {[%emt 0:00:09]} Ne5 {[%emt 0:00:17]} 13. f3 {[%emt 0:02:46]} Rc8 {[%emt 0:00:52]} 14. Qb3 {[%emt 0:14:16]} d5 {[%emt 0:01:31]} 15. exd5 {[%emt 0:11:39]} Nxd5 {[%emt 0:19:04]} 16. cxd5 {[%emt 0:04:26]} Qh4+ {[%emt 0:00:42]} 17. Ke2 {[%emt 0:04:05]} Qxd4 {[%emt 0:00:08]} 18. Be4 {[%emt 0:04:16]} exd5 {[%emt 0:04:54]} 19. Bf5 {[%emt 0:03:57]} Rce8 {[%emt 0:02:41]} 20. Qc3 {[%emt 0:09:26]} Nc4+ {[%emt 0:02:28]} 21. Kd1 {[%emt 0:00:41]} Ne3+ {[%emt 0:01:03]} 22. Kc1 {[%emt 0:00:41]} Nxf5 {[%emt 0:00:19]} 23. Qxd4 {[%emt 0:02:51]} Nxd4 {[%emt 0:00:02]} 24. Ra2 {[%emt 0:00:20]} Re2 {[%emt 0:00:35]} 25. Rg1 {[%emt 0:01:08]} Rfe8 {[%emt 0:02:01]} 26. Rb2 {[%emt 0:02:29]} Nf5 {[%emt 0:01:13]} 27. Bg5 {[%emt 0:04:05]} Rxb2 {[%emt 0:01:14]} 28. Kxb2 {[%emt 0:00:06]} Re2+ {[%emt 0:00:07]} 29. Kb1 {[%emt 0:00:35]} h6 {[%emt 0:00:08]} 30. Bf4 {[%emt 0:00:45]} Nh4 {[%emt 0:00:39]} 31. Rc1 {[%emt 0:00:13]} Nxg2 {[%emt 0:00:58]} 32. Bb8 {[%emt 0:01:01]} d4 {[%emt 0:00:47]} 33. Bxa7 {[%emt 0:00:53]} d3 {[%emt 0:00:08]} 34. Bxb6 {[%emt 0:00:32]} Bxf3 {[%emt 0:01:41]} 35. Rc8+ {[%emt 0:00:47]} Kh7 {[%emt 0:00:06]} 36. Rd8 {[%emt 0:00:05]} Be4 {[%emt 0:01:42]} 37. Kc1 {[%emt 0:00:39]} Ra2 {[%emt 0:00:22]} 38. Rd4 {[%emt 0:00:37]} Bg6 {[%emt 0:00:36]} 39. b5 {[%emt 0:01:15]} Nf4 {[%emt 0:05:16]} 40. Rd8 {[%emt 0:00:00]} Ne2+ {[%emt 0:00:00]} 41. Kb1 {[%emt 0:04:18]} Nc3+ {[%emt 0:00:37]} 42. Kc1 {[%emt 0:00:05]} Rc2# {[%emt 0:00:04]} 0-1

[Event "WYCC 2018 G16"]
[Site "Halkidiki"]
[Date "2018.10.30"]
[Round "11"]
[White "Nguyen, Vu Thu Hien"]
[Black "Getman, Tatyana"]
[Result "1/2-1/2"]
[WhiteElo "1841"]
[BlackElo "2195"]
[Annotator "TA"]
[PlyCount "160"]
[EventDate "2018.10.20"]
[EventType "swiss"]
[EventCountry "GRE"]
[SourceTitle "playchess.com"]
[Source "ChessBase"]
[SourceQuality "1"]

{[%evp 15,160,5,9,0,0,0,9,9,17,3,10,-12,9,-23,-4,-45,-27,-23,-20,-33,-37,-95,-32,-34,-27,-52,-49,-86,-74,-91,-70,-76,-84,-77,-55,-47,-15,-14,4,0,0,0,0,-131,-118,-137,-145,-152,-118,-129,-92,-99,-87,-92,-62,-118,-111,-111,-108,-111,-87,-87,-80,-87,-87,-111,-111,-112,-76,-120,-34,-35,-19,-114,-20,-110,-32,-122,-122,-117,-120,-172,-162,-202,-199,-250,-251,-291,-291,-291,-287,-291,-291,-291,-288,-277,-270,-331,-276,-297,-291,-284,-211,-211,-211,-211,-211,-211,-211,-211,-211,-211,-207,-213,-212,-211,-200,-200,-200,-193,-185,-185,-185,-362,-185,-185,-178,-187,-178,-588,-585,-544,-537,-867,-867,-802,-759,-885,-876,-988,-983,-29969,-11484,-29990,-29991,-29991,-29991]} 1. d4 Nf6 2. Nf3 e6 3. c4 d5 4. Nc3 Bb4 5. e3 O-O 6. Bd3 b6 7. O-O Ba6 {E52: Nimzo-Indian: Rubinstein: 4...0-0 5 Nf3 d5 6 Bd3 b6} 8. Qe2 (8. cxd5 exd5 9. Ne5 Bxd3 10. Nxd3 Bxc3 11. bxc3 Nc6 12. Qc2 Na5 13. Ba3 Re8 14. Nb2 Ne4 15. Rad1 {½-½ (72) Duda,J (2737)-Kovalev,V (2655) Dortmund 2018}) 8... Nbd7 {LiveBook: 3 Games} 9. a3 (9. Bd2 {looks sharper.} c5 10. b3 Rc8 11. Rac1 dxc4 12. bxc4 Qc7 13. Nb5) 9... Bxc3 {The position is equal.} 10. bxc3 Bxc4 11. Bxc4 dxc4 12. Qxc4 c5 13. Qd3 $146 ({Predecessor:} 13. a4 Rc8 14. Qa6 Nd5 15. Bd2 {1-0 (64) Balazs,G (2380)-Toth,S (2174) Hungary 2014}) 13... Re8 14. Rd1 Qc7 15. e4 cxd4 16. cxd4 e5 17. Bb2 exd4 18. Bxd4 (18. Nxd4 $15 Rxe4 19. Nf5) 18... Rxe4 (18... Nxe4 $17 19. Re1 Ndc5) 19. Rac1 Qb7 20. Rc4 h6 21. Rdc1 Qd5 22. Qc3 Nh5 23. g3 Nhf6 24. Rc7 a5 25. Qc6 Qxc6 (25... Rd8 $5 {[%cal Re4d4]} 26. Qxd5 Nxd5 $15) 26. R1xc6 Rd8 27. Rb7 {[#]} Rxd4 $1 {[%mdl 512]} 28. Nxd4 Ne5 29. Rbxb6 (29. Rxf6 $1 $11 gxf6 30. Nf5) 29... Rxd4 $17 30. Rc8+ Kh7 31. Rb5 Nc4 {White must now prevent ...Nd6.} 32. Rbc5 Nxa3 {Strongly threatening ...a4.} 33. Rxa5 Nc4 34. Rac5 Nd6 35. Ra8 (35. Rd8 $15) 35... Rd1+ 36. Kg2 Rd2 37. Rca5 Nc4 38. Ra2 Rd5 39. R8a7 Kg6 40. h3 Ne4 41. Rc7 Ne5 42. Re2 Nf6 ({Better is} 42... Nc5 $17 43. Rb2 Ne6) 43. f4 $1 $15 {[%cal Rf4e5]} Ned7 44. Ra7 (44. Re7 $1 $11) 44... Nh5 ({Black should try} 44... Nc5 $17 45. Ra5 Nfd7) 45. Ra6+ (45. Re7 $11 Rd2+ 46. Kg1) 45... Ndf6 (45... Kh7 $17 {...Rd3 is the strong threat.} 46. Ra3 g5) 46. Ra3 (46. Ra4 $15) 46... Rd4 $17 47. Kf3 Nd5 $1 48. Re5 (48. f5+ $17 Kh7 49. Re4) 48... Nhf6 $19 49. Re2 {[#]} h5 $1 50. h4 (50. Rf2 {was necessary.}) 50... Ng4 51. Ra6+ Ndf6 52. Ra3 Nh6 53. Ree3 Nf5 54. Red3 Re4 55. Ra6 {Hoping for Rxf6+!} Rb4 56. Ra5 Ng4 57. Ra6+ f6 58. Ra2 Rb1 59. Re2 Rg1 60. Rg2 Rf1+ 61. Ke2 Ra1 62. Kf3 Ra4 {aiming for ...Nd4+.} 63. Rgd2 Ngh6 64. Rd1 Nf7 65. R1d2 Ra6 66. Rd1 N7d6 67. R1d2 Nc4 68. Re2 Ra1 69. Rc2 $2 {[#]} (69. Kg2) 69... Ra4 (69... Nce3 $142 $1 {[%mdl 512]} 70. Rcc3 (70. Rxe3 Nd4+) 70... Ng4) 70. Kf2 Ncd6 71. Kg2 Ne4 72. Rc7 $2 (72. Rb2 {is a better chance.}) 72... Ra2+ 73. Kf3 Nexg3 74. Rd1 Ra3+ 75. Kf2 Nxh4 76. Rg1 Nhf5 77. Rc8 h4 78. Kg2 Kh5 79. Rc5 Kg4 80. Rgc1 Ra2+ {[%mdl 32768] Precision: White = 27%, Black = 62%. . An unexpected result.} 1/2-1/2

[Event "WYCC 2018 G16"]
[Site "Halkidiki"]
[Date "2018.10.30"]
[Round "11"]
[White "Hoesley, Aria"]
[Black "Djidjeli, Sarah"]
[Result "1-0"]
[WhiteElo "1831"]
[BlackElo "1952"]
[Annotator "NA"]
[PlyCount "109"]
[EventDate "2018.10.20"]
[EventType "swiss"]
[EventCountry "GRE"]
[SourceTitle "playchess.com"]
[Source "ChessBase"]
[SourceQuality "1"]
[TimeControl "40/5400+30:1800+30"]

1. e4 {[%emt 0:00:00]} c5 {[%emt 0:00:00]} 2. Nf3 {[%emt 0:00:00]} Nc6 {[%emt 0:00:00]} 3. Nc3 {[%emt 0:00:07]} d6 {[%emt 0:00:00]} 4. d4 {[%emt 0:00:18]} cxd4 {[%emt 0:00:00]} 5. Nxd4 {[%emt 0:00:03]} e5 {[%emt 0:00:00]} 6. Nf5 {[%emt 0:00:43]} Bxf5 {[%emt 0:01:20] B54: Sicilian: 2...d6 3 d4 cxd4 4 Nxd4, Unusual Lines} 7. exf5 {[%emt 0:00:03]} Qd7 {[%emt 0:00:18]} 8. Bc4 {[%emt 0:07:45]} Nge7 $146 {[%emt 0:07:20]} ({Predecessor:} 8... Qxf5 9. O-O Nf6 10. f4 e4 11. Nd5 Nxd5 12. Bxd5 Ne7 13. Bxb7 Rb8 14. Ba6 {1-0 (39) Baghdasaryan,V (2437)-Gabuzyan,H (2583) Tsaghkadzor 2017}) 9. g4 {[%emt 0:08:08]} Nd4 {[%emt 0:09:04]} 10. Be2 {[%emt 0:09:24] [#]} Nxe2 {[%emt 0:03:10]} ({Black should try} 10... h5 $1 $17 {[%mdl 512]} 11. f3 (11. gxh5 Qxf5) 11... hxg4 12. fxg4 d5) 11. Qxe2 {[%emt 0:00:31]} Nc6 {[%emt 0:00:50]} 12. Qe4 {[%emt 0:04:24]} h5 {[%emt 0:08:20]} 13. g5 {[%emt 0:04:28]} Nd4 {[%emt 0:00:46]} 14. Be3 {[%emt 0:14:56]} Nxf5 {[%emt 0:11:30]} 15. O-O-O {[%emt 0:00:30]} Nxe3 {[%emt 0:01:59]} 16. Qxe3 {[%emt 0:01:25]} Be7 {[%emt 0:01:18]} 17. Rhg1 {[%emt 0:01:56]} Qc6 {[%emt 0:05:49]} 18. Nd5 {[%emt 0:07:06]} Bd8 {[%emt 0:04:17]} 19. Rgf1 {[%emt 0:11:03]} Bb6 {[%emt 0:07:22]} 20. Qe4 {[%emt 0:00:26]} Qc5 {[%emt 0:08:01]} 21. Rd3 {[%emt 0:05:15]} Qa5 {[%emt 0:03:42]} 22. f4 {[%emt 0:04:48]} O-O-O {[%emt 0:06:05]} 23. fxe5 {[%emt 0:05:17]} Rhe8 {[%emt 0:01:20]} 24. Nxb6+ {[%emt 0:05:34]} Qxb6 {[%emt 0:03:17]} 25. Qc4+ {[%emt 0:00:32]} Kb8 {[%emt 0:03:13]} 26. exd6 {[%emt 0:01:17]} Rd7 {[%emt 0:04:58]} 27. h4 {[%emt 0:03:34]} Qa5 {[%emt 0:03:42]} 28. Rfd1 {[%emt 0:00:45]} Rc8 {[%emt 0:00:32]} 29. Qb3 {[%emt 0:00:26]} Qf5 {[%emt 0:01:00]} 30. Qa4 {[%emt 0:01:11]} Rc6 {[%emt 0:00:29]} 31. a3 {[%emt 0:02:28]} Qe6 {[%emt 0:01:32]} 32. Kb1 {[%emt 0:01:03]} Rc4 {[%emt 0:01:29]} 33. Qa5 {[%emt 0:00:24]} Re4 {[%emt 0:01:56]} 34. Qc3 {[%emt 0:00:37]} Re5 {[%emt 0:01:07]} 35. Rd4 {[%emt 0:00:15]} Qe8 {[%emt 0:01:11]} 36. Rc4 {[%emt 0:00:12]} Re6 {[%emt 0:00:27]} 37. Qxg7 {[%emt 0:00:33]} Rexd6 {[%emt 0:00:15]} 38. Rxd6 {[%emt 0:00:43]} Rxd6 {[%emt 0:00:03]} 39. Qc3 {[%emt 0:00:12]} Rd1+ {[%emt 0:01:14]} 40. Ka2 {[%emt 0:00:00]} a6 {[%emt 0:00:00]} 41. Qg3+ {[%emt 0:12:55]} Ka8 {[%emt 0:04:22]} 42. Qf2 {[%emt 0:01:12]} Qe6 {[%emt 0:01:08]} 43. b3 {[%emt 0:01:09]} Kb8 {[%emt 0:02:58]} 44. Rd4 {[%emt 0:05:07]} Re1 {[%emt 0:06:10]} 45. Qf4+ {[%emt 0:01:26]} Ka7 {[%emt 0:01:46]} 46. Rd6 {[%emt 0:00:23]} Qe3 {[%emt 0:01:52]} 47. Qxe3+ {[%emt 0:00:12]} ({Inferior is} 47. Qxf7 Qc3 $11) 47... Rxe3 {[%emt 0:00:04]} 48. Rh6 {[%emt 0:00:09]} Kb8 {[%emt 0:01:02]} 49. Rxh5 {[%emt 0:00:00]} Kc8 {[%emt 0:00:10]} 50. Rh7 {[%emt 0:01:18]} Rf3 {[%emt 0:00:10]} 51. h5 {[%emt 0:00:15]} Rg3 {[%emt 0:00:44]} 52. Rxf7 {[%emt 0:00:27]} Rxg5 {[%emt 0:00:04]} 53. h6 {[%emt 0:00:05]} Rg8 {[%emt 0:00:34]} 54. h7 {[%emt 0:00:24]} Rh8 {[%emt 0:00:08]} 55. Rg7 {[%emt 0:00:04]} 1-0

[Event "WYCC 2018 G16"]
[Site "Halkidiki"]
[Date "2018.10.30"]
[Round "11"]
[White "Kalyva, Kyriaki"]
[Black "Leonova, Ameliya"]
[Result "0-1"]
[WhiteElo "1779"]
[BlackElo "1736"]
[Annotator "NA"]
[PlyCount "66"]
[EventDate "2018.10.20"]
[EventType "swiss"]
[EventCountry "GRE"]
[SourceTitle "playchess.com"]
[Source "ChessBase"]
[SourceQuality "1"]
[TimeControl "40/5400+30:1800+30"]

1. d4 {[%emt 0:00:00]} Nf6 {[%emt 0:00:00]} 2. c4 {[%emt 0:00:00]} c5 {[%emt 0:00:00]} 3. d5 {[%emt 0:00:00]} b5 {[%emt 0:00:00]} 4. cxb5 {[%emt 0:00:00]} a6 {[%emt 0:00:00]} 5. bxa6 {[%emt 0:00:00]} g6 {[%emt 0:00:00]} 6. Nc3 {[%emt 0:00:00]} Bg7 {[%emt 0:00:00]} 7. e4 {[%emt 0:00:04]} O-O {[%emt 0:00:00]} 8. Nf3 {[%emt 0:00:09]} Qa5 {[%emt 0:00:03]} 9. Bd2 {[%emt 0:00:20]} Bxa6 {[%emt 0:00:05]} 10. Be2 {[%emt 0:00:25]} d6 {[%emt 0:00:07]} 11. O-O {[%emt 0:00:21]} Bxe2 {[%emt 0:00:07]} 12. Qxe2 {[%emt 0:00:07]} Qa6 {[%emt 0:00:09]} 13. Qd1 {[%emt 0:02:10]} Nbd7 {[%emt 0:00:44]} 14. Qc2 {[%emt 0:04:25]} Rfb8 {[%emt 0:12:38]} 15. a4 {[%emt 0:11:59]} Qc4 {[%emt 0:16:14]} 16. Ra3 {[%emt 0:11:15]} Ne8 {[%emt 0:11:07]} 17. b3 {[%emt 0:08:10]} Qa6 {[%emt 0:01:42]} 18. Rb1 {[%emt 0:01:04]} Nc7 {[%emt 0:01:06]} 19. Na2 {[%emt 0:11:24]} Nb5 {[%emt 0:03:38]} 20. Bc1 {[%emt 0:01:14]} Nxa3 {[%emt 0:00:29]} 21. Bxa3 {[%emt 0:00:07]} Rb7 {[%emt 0:03:29]} 22. Nd2 {[%emt 0:06:38]} Ne5 {[%emt 0:01:30]} 23. f4 {[%emt 0:20:10]} Qd3 {[%emt 0:01:47]} 24. Qxd3 {[%emt 0:01:58]} Nxd3 {[%emt 0:00:13]} 25. g3 {[%emt 0:01:11]} c4 {[%emt 0:03:08]} 26. Nxc4 {[%emt 0:06:30]} Rxa4 {[%emt 0:02:07]} 27. b4 {[%emt 0:00:40]} Rc7 {[%emt 0:02:14]} 28. Rb3 {[%emt 0:01:06]} Rxc4 {[%emt 0:01:17]} 29. Rxd3 {[%emt 0:00:07]} Rc2 {[%emt 0:00:43]} 30. Nc1 {[%emt 0:02:15]} Rc3 {[%emt 0:00:45]} 31. Bb2 {[%emt 0:05:48]} Rxd3 {[%emt 0:00:09]} 32. Nxd3 {[%emt 0:00:13]} Bxb2 {[%emt 0:00:03]} 33. Nxb2 {[%emt 0:00:07]} Ra1+ {[%emt 0:00:03]} 0-1